| 000 | 00875cab a2200289 4500 | ||
|---|---|---|---|
| 001 | WB3428-04 | ||
| 008 | 090401t1998 xxu||||| |||| 00| 0 eng d | ||
| 035 | _a(Sirsi) u87603 | ||
| 041 | _aeng | ||
| 245 | _aYorkshire`s Top 50 Construction Companies | ||
| 260 | _c1998 | ||
| 350 | _a0 | ||
| 490 |
_aYorkshire Post _v21 July 1998 (8) Loan |
||
| 520 | _aA supplement looking at the construction industry of Yorkshire, ranking the top 50 construction companies in the county and looking at the future for the industry. Tables. | ||
| 650 | _aBROWNFIELD SITES | ||
| 650 | _aCONSTRUCTION COMPANIES | ||
| 650 | _aCONSTRUCTION INDUSTRY | ||
| 650 | _aFORECASTS | ||
| 650 | _aGREENFIELD SITES | ||
| 650 | _aLEAGUE TABLE | ||
| 650 | _aPARTNERING | ||
| 650 | _aRANKING | ||
| 650 | _aYORKSHIRE | ||
| 690 | _aBUILT ENVIRONMENT | ||
| 942 | _n0 | ||
| 948 | _c23/07/1998 | ||
| 999 |
_c55264 _d55264 |
||